Clubes da A.F. Setúbal - Statistics

Estatísticas Gerais
  • Esse quiz foi jogado 11 vezes
  • A pontuação média é 6 de 16
Estatísticas das Respostas
Imagem Resposta % Correto
Amora
100%
Trafaria
86%
Vitoria de Setúbal
86%
Barreirense
57%
Charneca de Caparica
43%
Fabril Barreiro
43%
Seixal 1925
43%
Comércio e Indústria
29%
Paio Pires
29%
Samouquense
29%
Alcacerense
14%
Arrentela
14%
Clube Recreio e Instrução
14%
Monte Caparica
14%
Pescadores da Costa
14%
União Santiago
14%
Nenhum quiz correspondente encontrado
Distribuição das Pontuações
Porcentagem de Pessoas com Cada Pontuação
Percentil de Números Respondidos
Sua Pontuação Histórica
Você não jogou esse quiz